Tomek wśród łowców głów /
Sábháilte in:
| Príomhchruthaitheoir: | |
|---|---|
| Rannpháirtithe: | |
| Formáid: | LEABHAR |
| Teanga: | Polainnis |
| Foilsithe / Cruthaithe: |
Katowice :
"Śląsk",
1985.
|
| Eagrán: | Wyd. 5. |
| Ábhair: | |
| Clibeanna: |
Níl clibeanna ann, Bí ar an gcéad duine le clib a chur leis an taifead seo!
|
MARC
| LEADER | 00000nam a2200000 i 4500 | ||
|---|---|---|---|
| 001 | 9913380529105606 | ||
| 005 | 20260515140227.0 | ||
| 008 | 090916s1995 pl# 00 pol | ||
| 020 | |a 8321605893 | ||
| 035 | |a GDYM22086-48omnis_network | ||
| 035 | |a (PL)b0001270012908 | ||
| 040 | |a MBPG |c MBPG | ||
| 041 | 0 | |a pol | |
| 080 | |a 821.162.1-93 | ||
| 090 | |c 107 |d 106 | ||
| 100 | 1 | |a Szklarski, Alfred |d (1912-1992) | |
| 245 | |a Tomek wśród łowców głów / |c Alfred Szklarski ; [il. Józef Marek]. | ||
| 250 | |a Wyd. 5. | ||
| 260 | |a Katowice : |b "Śląsk", |c 1985. | ||
| 300 | |a 254, [2] s. : |b il. ; |c 21 cm. | ||
| 500 | |a Stanowi cz. 6 cyklu, cz. 1 pt. : Tomek w krainie kangurów, cz. 5 pt. : Tajemnicza wyprawa Tomka. | ||
| 650 | 7 | |a Literatura młodzieżowa polska |y 20 w. | |
| 700 | 1 | |a Marek, Józef |d (1922-2020) |e Ilustracje | |
| 920 | |a 83-216-0589-3. | ||
| 942 | |c K | ||
| 952 | |0 0 |1 0 |4 0 |6 R__105_000000000000000 |7 0 |9 102 |a RYT |b RYT |d 2026-05-13 |e 1/2014 |g 10.00 |l 0 |o R.105 |p 2000000001050 |r 2026-05-15 14:02:28 |w 2026-05-15 |y BK |z da | ||
| 999 | |c 102 |d 102 | ||